[Event "Asian-ch Seniors 50"]
[Site "Auckland"]
[Date "2022.10.15"]
[Round "2"]
[White "Kulashko, Aleksei"]
[Black "Fulo, Nunilon III"]
[Result "1-0"]
[WhiteElo "2348"]
[BlackElo "2019"]
[PlyCount "121"]
[EventDate "2022.10.15"]
[EventType "swiss"]
[EventRounds "9"]
[EventCountry "NZL"]
[SourceTitle "EXT 2024"]
[Source "ChessBase"]
[SourceDate "2023.10.10"]
[SourceVersion "1"]
[SourceVersionDate "2023.10.10"]
[SourceQuality "1"]

1. e4 e5 2. Nf3 Nc6 3. Bb5 a6 4. Ba4 Nf6 5. 0-0 Be7 6. Re1 b5 7. Bb3 0-0 8. a4 Bb7 9. d3 d6 10. Nc3 Nd4 11. Nxd4 exd4 12. Ne2 c5 13. Ng3 g6 14. Bh6 Re8 15. Qf3 Qc8 16. h3 c4 17. Ba2 Qc5 18. Rab1 Nd7 19. b4 Qc7 20. a5 Bf6 21. Nf1 Rac8 22. dxc4 bxc4 23. Nd2 c3 24. Nb3 Re7 25. Rbd1 Qc4 26. Nc5 Qxa2 27. Nxd7 Bg7 28. Bxg7 Rxd7 29. Bxd4 f5 30. Bxc3 Qxc2 31. Rc1 Qb3 32. Bd2 Qxf3 33. Rxc8+ Bxc8 34. gxf3 Rb7 35. Rc1 Bd7 36. Kg2 Kf7 37. exf5 gxf5 38. Rc4 Ke6 39. Be3 Bb5 40. Rh4 Rg7+ 41. Kh2 Be2 42. Bd4 Rg6 43. Rxh7 Bxf3 44. Rg7 Rh6 45. Kg3 Be2 46. Be3 Rh5 47. h4 Rh8 48. Bg5 Kd5 49. Rg6 Kc4 50. Rxd6 Kxb4 51. Bd2+ Kc5 52. Re6 Rg8+ 53. Bg5 Bd3 54. Kf4 Kb4 55. h5 Rh8 56. h6 Kxa5 57. Re7 Bc4 58. h7 Bg8 59. hxg8Q Rxg8 60. Kxf5 Rf8+ 61. Bf6 1-0

[Event "Olympiad-43"]
[Site "Batumi"]
[Date "2018.09.24"]
[Round "1.78"]
[White "Kulashko, Aleksei"]
[Black "Pillay, Ragul Snega"]
[Result "1-0"]
[WhiteElo "2349"]
[BlackElo "1353"]
[PlyCount "55"]
[EventDate "2018.09.24"]
[EventType "team-swiss"]
[EventRounds "11"]
[EventCountry "GEO"]
[SourceTitle "CBM 187"]
[Source "ChessBase"]
[SourceDate "2018.12.11"]
[SourceVersion "1"]
[SourceVersionDate "2018.12.11"]
[SourceQuality "1"]
[WhiteTeam "New Zealand"]
[BlackTeam "Seychelles"]
[WhiteTeamCountry "NZL"]
[BlackTeamCountry "SEY"]

1. e4 c5 2. Nf3 Nc6 3. Bb5 Nd4 4. Nxd4 cxd4 5. 0-0 e5 6. c3 Nf6 7. cxd4 Qb6 8. dxe5 Nxe4 9. Qe2 Nc5 10. Nc3 Ne6 11. Bc4 Bc5 12. d3 0-0 13. Nd5 Qd8 14. Be3 Bxe3 15. Qxe3 d6 16. d4 dxe5 17. dxe5 Qh4 18. f4 b6 19. Rf3 Bb7 20. Rh3 Qg4 21. Be2 Qxh3 22. Ne7+ Kh8 23. gxh3 Rfe8 24. Nf5 Rad8 25. Nd6 Re7 26. Nxb7 Rxb7 27. Rd1 Rc8 28. Ba6 1-0

[Event "George Trundle Masters"]
[Site "Auckland"]
[Date "2018.07.14"]
[Round "8"]
[White "Kulashko, Aleksei"]
[Black "Polishchuk, Kirill"]
[Result "1-0"]
[WhiteElo "2336"]
[BlackElo "2128"]
[PlyCount "127"]
[EventDate "2018.07.07"]
[EventType "tourn"]
[EventRounds "9"]
[EventCountry "NZL"]
[EventCategory "2"]
[SourceTitle "EXT 2019"]
[Source "ChessBase"]
[SourceDate "2018.10.10"]
[SourceVersion "1"]
[SourceVersionDate "2018.10.10"]
[SourceQuality "1"]

1. e4 Nc6 2. Nf3 d6 3. d4 Nf6 4. d5 Nb8 5. Nc3 e5 6. dxe6 Bxe6 7. Ng5 Qd7 8. Nxe6 Qxe6 9. Qd4 Nc6 10. Qc4 d5 11. Nxd5 0-0-0 12. Nc3 Nb4 13. Qxe6+ fxe6 14. Bd3 Nxd3+ 15. cxd3 Rxd3 16. Ke2 Rd7 17. f3 Bb4 18. Bd2 Rhd8 19. Rhd1 c6 20. Be1 Rxd1 21. Rxd1 Rxd1 22. Kxd1 Bxc3 23. Bxc3 Kd7 24. g4 Ne8 25. Ke2 Kd6 26. f4 g6 27. Be5+ Ke7 28. Kd3 Nf6 29. h3 Nd7 30. Bc3 b6 31. Be1 h5 32. Bh4+ Kf7 33. gxh5 gxh5 34. Bf2 Ke7 35. Kc4 Nf6 36. Kd4 Nd7 37. Bh4+ Kf7 38. Ke3 Nc5 39. Be1 Nd7 40. Bb4 Nf6 41. Bd6 Nd7 42. f5 exf5 43. exf5 Kf6 44. Kf4 c5 45. h4 b5 46. Bc7 c4 47. Ba5 Nc5 48. Bc3+ Kf7 49. Bd4 Nd3+ 50. Kg5 b4 51. Kxh5 Nf4+ 52. Kg5 Ne2 53. Bxa7 Nc1 54. h5 Nxa2 55. h6 c3 56. Bd4 c2 57. Be3 c1Q 58. Bxc1 Nxc1 59. f6 Kg8 60. Kg6 Nd3 61. f7+ Kf8 62. Kf6 Nc5 63. h7 Nd7+ 64. Ke6 1-0

[Event "George Trundle Masters"]
[Site "Auckland"]
[Date "2018.07.13"]
[Round "7"]
[White "Ang, Alphaeus Wei Ern"]
[Black "Kulashko, Aleksei"]
[Result "1/2-1/2"]
[WhiteElo "2204"]
[BlackElo "2336"]
[PlyCount "202"]
[EventDate "2018.07.07"]
[EventType "tourn"]
[EventRounds "9"]
[EventCountry "NZL"]
[EventCategory "2"]
[SourceTitle "EXT 2019"]
[Source "ChessBase"]
[SourceDate "2018.10.10"]
[SourceVersion "1"]
[SourceVersionDate "2018.10.10"]
[SourceQuality "1"]

1. d4 Nf6 2. c4 e6 3. Nc3 Bb4 4. f3 d5 5. a3 Be7 6. e4 dxe4 7. fxe4 e5 8. d5 0-0 9. Nf3 Bg4 10. Be2 Bxf3 11. Bxf3 Bc5 12. Qd3 a5 13. Be3 Nbd7 14. 0-0 Qe7 15. Na4 Bxe3+ 16. Qxe3 b6 17. Rac1 Nc5 18. Nxc5 Qxc5 19. Kf2 a4 20. Rc3 Nd7 21. Ke2 Qxe3+ 22. Kxe3 Nc5 23. Bd1 f6 24. Bc2 Kf7 25. Kd2 Ke7 26. Rh3 h6 27. Kc3 Kd6 28. Rff3 c6 29. Rfg3 Rf7 30. Rg6 cxd5 31. cxd5 Rc7 32. Kd2 b5 33. Rhg3 Raa7 34. Kd1 Rab7 35. Kd2 b4 36. axb4 Rxb4 37. Rxg7 Rd4+ 38. Ke3 Nd7 39. Bd3 Rb7 40. Rxd7+ Rxd7 41. Rg6 Rf7 42. Rxh6 Rb4 43. Rh8 Rxb2 44. Ra8 Rc7 45. Ra6+ Kd7 46. Rxa4 Rc3 47. Rc4 Rxc4 48. Bxc4 Rxg2 49. Be2 Rxh2 50. Bg4+ Kd6 51. Bf5 Rh4 52. Kd3 Kc5 53. Kc3 Rf4 54. Bg6 Rf3+ 55. Kd2 Rg3 56. Bf5 Rg5 57. Bh7 Rg3 58. Bf5 Kd6 59. Ke2 Ke7 60. Kf2 Rg5 61. Bh7 Kf7 62. Ke3 Kg7 63. Bf5 Kf7 64. Kd3 Rg3+ 65. Kd2 Rf3 66. Ke2 Rf4 67. Ke3 Ke7 68. Bg6 Rf1 69. Kd3 Rd1+ 70. Ke3 Kd6 71. Bf5 Kc5 72. Ke2 Rd4 73. Ke3 Kc4 74. Bg6 Rd3+ 75. Ke2 Kd4 76. Bf5 Ra3 77. Bg6 Ra2+ 78. Kf3 Kc5 79. Ke3 Ra3+ 80. Ke2 Kd6 81. Bf5 Ke7 82. Bg6 Kf8 83. Bh7 Kg7 84. Bf5 Kh6 85. Kf2 Kg5 86. Ke2 Ra5 87. Bh7 Ra8 88. Bf5 Rd8 89. Be6 Kf4 90. Kd3 Rd6 91. Bh3 Ra6 92. Bf5 Ra4 93. Bg6 Kf3 94. Bh5+ Kf2 95. Bg6 Rd4+ 96. Kc3 Ke3 97. Bf5 Kf4 98. Bg6 Kg5 99. Bh7 Ra4 100. Kb3 Rd4 101. Kc3 Kh6 1/2-1/2

[Event "Auckland Trusts op 41st"]
[Site "Auckland"]
[Date "2018.06.03"]
[Round "3"]
[White "Fulo, Nunilon III"]
[Black "Kulashko, Aleksei"]
[Result "0-1"]
[WhiteElo "2141"]
[BlackElo "2433"]
[PlyCount "90"]
[EventDate "2018.06.02"]
[EventType "swiss"]
[EventRounds "6"]
[EventCountry "NZL"]
[SourceTitle "EXT 2019"]
[Source "ChessBase"]
[SourceDate "2018.10.10"]
[SourceVersion "1"]
[SourceVersionDate "2018.10.10"]
[SourceQuality "1"]

1. e4 Nf6 2. e5 Nd5 3. d4 d6 4. Nf3 dxe5 5. Nxe5 c6 6. c4 Nb4 7. Be3 Bf5 8. Nd3 e5 9. Nxb4 Bxb4+ 10. Nc3 exd4 11. Qxd4 Qxd4 12. Bxd4 0-0 13. 0-0-0 Nd7 14. Bd3 Be6 15. Ne4 c5 16. Bc3 Bxc3 17. Nxc3 Ne5 18. b3 Ng4 19. Ne4 b6 20. h3 Ne5 21. Nd6 Nxd3+ 22. Rxd3 Rfd8 23. Rhd1 Kf8 24. f4 f6 25. f5 Bg8 26. g4 Rd7 27. Kc2 a6 28. Kc3 Re7 29. R1d2 Rb8 30. a4 Re1 31. a5 b5 32. cxb5 axb5 33. a6 c4 34. bxc4 bxc4 35. a7 Rc1+ 36. Kd4 Ra8 37. Ra3 c3 38. Re2 Rd1+ 39. Kc5 Rd2 40. Re8+ Rxe8 41. Nxe8 c2 42. Ra1 Bd5 43. Nc7 Rd1 44. a8Q+ Bxa8 45. Rxa8+ Kf7 0-1

[Event "Auckland Summer Cup-A"]
[Site "Auckland"]
[Date "2017.02.27"]
[Round "3"]
[White "Duneas, John"]
[Black "Kulashko, Aleksei"]
[Result "0-1"]
[WhiteElo "2020"]
[BlackElo "2341"]
[PlyCount "68"]
[EventDate "2017.02.13"]
[EventType "tourn"]
[EventRounds "7"]
[EventCountry "NZL"]
[SourceTitle "EXT 2018"]
[Source "ChessBase"]
[SourceDate "2017.10.13"]
[SourceVersion "1"]
[SourceVersionDate "2017.10.13"]
[SourceQuality "1"]

1. d4 Nf6 2. c4 c5 3. d5 b5 4. Qc2 bxc4 5. e4 d6 6. Bxc4 g6 7. Nf3 Bg7 8. 0-0 0-0 9. h3 Ba6 10. Na3 Nfd7 11. Bf4 Nb6 12. Rab1 Nxc4 13. Nxc4 Nd7 14. Rfe1 Bxc4 15. Qxc4 Rb8 16. b3 Qa5 17. Qe2 Rb7 18. Rbc1 Rc8 19. e5 dxe5 20. Nxe5 Nxe5 21. Bxe5 Bxe5 22. Qxe5 Qxa2 23. d6 exd6 24. Qxd6 Qxb3 25. Rxc5 Rf8 26. Ra5 Qb6 27. Qa3 Rd8 28. Ra6 Qd4 29. Qf3 Rc7 30. Rea1 Rdc8 31. R1a2 Rc3 32. Qe2 Qf4 33. g3 Rxg3+ 34. fxg3 Qxg3+ 0-1

[Event "Oceania zt 3.6"]
[Site "Auckland"]
[Date "2017.01.20"]
[Round "9"]
[White "Dale, Ari"]
[Black "Kulashko, Aleksei"]
[Result "1/2-1/2"]
[WhiteElo "2333"]
[BlackElo "2344"]
[PlyCount "66"]
[EventDate "2017.01.14"]
[EventType "swiss"]
[EventRounds "9"]
[EventCountry "NZL"]
[SourceTitle "CBM 176 Extra"]
[Source "ChessBase"]
[SourceDate "2017.03.02"]
[SourceVersion "1"]
[SourceVersionDate "2017.03.02"]
[SourceQuality "1"]

1. d4 Nf6 2. c4 e6 3. Nc3 Bb4 4. e3 0-0 5. Bd3 d5 6. Nf3 c5 7. 0-0 Nc6 8. a3 Ba5 9. cxd5 exd5 10. dxc5 Bxc3 11. bxc3 Bg4 12. Be2 Qe7 13. Qc2 Bxf3 14. Bxf3 Ne5 15. Be2 Qxc5 16. Rb1 b6 17. Rb5 Qc6 18. a4 Rac8 19. Qf5 Nc4 20. Bxc4 Qxc4 21. Bb2 Rfd8 22. Rb4 Qc6 23. Rh4 Qe6 24. Qd3 Rd7 25. Rb4 Rc5 26. Rd1 h6 27. Rd4 Rc4 28. f3 Qc6 29. Ra1 a5 30. Qd1 Re7 31. Qd3 Rd7 32. Qd1 Re7 33. Qd3 Rd7 1/2-1/2

[Event "Oceania zt 3.6"]
[Site "Auckland"]
[Date "2017.01.19"]
[Round "8"]
[White "Kulashko, Aleksei"]
[Black "Rains, Edward"]
[Result "1-0"]
[WhiteElo "2344"]
[BlackElo "2017"]
[PlyCount "106"]
[EventDate "2017.01.14"]
[EventType "swiss"]
[EventRounds "9"]
[EventCountry "NZL"]
[SourceTitle "CBM 176 Extra"]
[Source "ChessBase"]
[SourceDate "2017.03.02"]
[SourceVersion "1"]
[SourceVersionDate "2017.03.02"]
[SourceQuality "1"]

1. e4 c5 2. c3 Nf6 3. e5 Nd5 4. d4 cxd4 5. cxd4 e6 6. Nf3 d6 7. Bc4 Be7 8. 0-0 0-0 9. Qe2 b6 10. Qe4 Ba6 11. Bxd5 exd5 12. Qxd5 Nc6 13. Rd1 Rc8 14. Nc3 dxe5 15. dxe5 Qxd5 16. Nxd5 Bc5 17. Be3 Bxe3 18. Nxe3 Be2 19. Rd7 Bxf3 20. gxf3 Nxe5 21. Rxa7 Nxf3+ 22. Kg2 Ne5 23. Rd1 Rc6 24. Rd5 Rg6+ 25. Kf1 Nc6 26. Ra4 h6 27. Rb5 Ne7 28. Rab4 Ra8 29. a3 Nc6 30. Rc4 Na5 31. Rc7 Rd6 32. Nd5 Rb8 33. Rc8+ Rxc8 34. Ne7+ Kh7 35. Nxc8 Rd1+ 36. Kg2 Nc4 37. Nxb6 Nd6 38. Rd5 Rxd5 39. Nxd5 Nc4 40. a4 Kg8 41. b4 Nd6 42. a5 Nb5 43. a6 Kf8 44. Nc3 Nc7 45. a7 Ke8 46. Nd5 Na8 47. b5 Kd8 48. Kf3 Kc8 49. Ke4 Kb7 50. b6 Kc6 51. Ke5 f6+ 52. Ke6 h5 53. Kf7 Kxd5 1-0

[Event "Oceania zt 3.6"]
[Site "Auckland"]
[Date "2017.01.17"]
[Round "6"]
[White "Kulashko, Aleksei"]
[Black "Gong, Daniel Hanwen"]
[Result "1/2-1/2"]
[WhiteElo "2344"]
[BlackElo "2090"]
[PlyCount "198"]
[EventDate "2017.01.14"]
[EventType "swiss"]
[EventRounds "9"]
[EventCountry "NZL"]
[SourceTitle "CBM 176 Extra"]
[Source "ChessBase"]
[SourceDate "2017.03.02"]
[SourceVersion "1"]
[SourceVersionDate "2017.03.02"]
[SourceQuality "1"]

1. e4 c5 2. Nf3 e6 3. c3 d5 4. exd5 exd5 5. d4 Nc6 6. Bb5 a6 7. Bxc6+ bxc6 8. 0-0 Bd6 9. Qa4 Ne7 10. Bg5 f6 11. Bh4 0-0 12. Bg3 c4 13. b3 cxb3 14. axb3 Bg4 15. Nbd2 Qd7 16. Bxd6 Qxd6 17. Qa3 Nf5 18. h3 Bxf3 19. Nxf3 Rfb8 20. Rfe1 Kf7 21. g4 Qxa3 22. Rxa3 Nd6 23. Rc1 Rb6 24. Nd2 a5 25. Ra4 Ke6 26. b4 Rba6 27. Nb3 Nb7 28. Rca1 Kd6 29. Kf1 Kc7 30. bxa5 c5 31. dxc5 Kc6 32. c4 Nxc5 33. cxd5+ Kd6 34. Nxc5 Kxc5 35. Kg2 Kxd5 36. Kg3 g6 37. h4 R8a7 38. R4a2 Ke6 39. Ra3 Kd5 40. g5 fxg5 41. hxg5 Ke5 42. Kg4 Ke6 43. Re1+ Kf7 44. Re5 Kg7 45. Ra4 h6 46. gxh6+ Kxh6 47. Ra3 Kg7 48. Kg5 Kf7 49. f4 Kg7 50. Ra2 Kf7 51. Rb5 Kg7 52. Ra1 Kf7 53. Kg4 Kf6 54. Kf3 Ra8 55. Ra4 R8a7 56. Ke3 Ra8 57. Kd3 Kf7 58. Kc3 Ke6 59. Re5+ Kf7 60. Kb3 R8a7 61. Rb5 Kg7 62. Rc5 Kf7 63. Kc3 Kg7 64. Rd5 Kf7 65. Ra2 Kg7 66. Kb4 Rf6 67. Rf2 Raf7 68. Rd4 Rb7+ 69. Kc3 Ra7 70. Ra4 Rf5 71. a6 Rf6 72. Rfa2 Kf7 73. Kd3 Kg7 74. Ke3 Kf7 75. Ra5 Kg7 76. Kf3 Kf7 77. Kg4 Kg7 78. R2a3 Kf7 79. R3a4 Kg7 80. Kg5 Kf7 81. Kh6 Rb6 82. Kg5 Rf6 83. Kg4 Kg7 84. Kf3 Re6 85. Ra1 Kf7 86. Kg4 Kg7 87. Kg5 Rf6 88. R1a2 Kf7 89. R2a3 Kg7 90. R3a4 Kf7 91. Kh4 Kg7 92. Kg4 Kf7 93. f5 gxf5+ 94. Rxf5 Ke6 95. Rb5 Kd7 96. Rba5 Kc6 97. Ra2 Rg7+ 98. Rg5 Rxg5+ 99. Kxg5 Rf8 1/2-1/2

[Event "Oceania zt 3.6"]
[Site "Auckland"]
[Date "2017.01.15"]
[Round "3"]
[White "Wheeler, Bruce"]
[Black "Kulashko, Aleksei"]
[Result "1/2-1/2"]
[WhiteElo "2120"]
[BlackElo "2344"]
[PlyCount "89"]
[EventDate "2017.01.14"]
[EventType "swiss"]
[EventRounds "9"]
[EventCountry "NZL"]
[SourceTitle "CBM 176 Extra"]
[Source "ChessBase"]
[SourceDate "2017.03.02"]
[SourceVersion "1"]
[SourceVersionDate "2017.03.02"]
[SourceQuality "1"]

1. e4 c5 2. Nf3 e6 3. d4 cxd4 4. Nxd4 Nf6 5. Nc3 d6 6. f4 a6 7. Be3 b5 8. a3 Bb7 9. Bd3 Nbd7 10. g4 Nc5 11. Qf3 d5 12. e5 Nfe4 13. Bxe4 Nxe4 14. Nxe4 dxe4 15. Qf2 Be7 16. 0-0-0 Bd5 17. f5 Qc7 18. Kb1 Qc4 19. Nb3 a5 20. Rhf1 a4 21. Rd4 Qc6 22. Nc1 Rc8 23. c3 h5 24. Rg1 hxg4 25. Rxg4 exf5 26. Rxg7 Bc5 27. Rd2 Bf8 28. Rg1 Be6 29. Bg5 Be7 30. Bf6 Bxf6 31. exf6 Qc5 32. Qg3 f4 33. Qg7 Rf8 34. Rgd1 e3 35. Rd6 Bf5+ 36. Ka1 Qe5 37. R1d5 Qe4 38. Nd3 e2 39. Rd8+ Rxd8 40. Rxd8+ Kxd8 41. Qxf8+ Kc7 42. Qc5+ Kd8 43. Qd6+ Kc8 44. Qc5+ Kd8 45. Qd6+ 1/2-1/2

[Event "Olympiad-42"]
[Site "Baku"]
[Date "2016.09.09"]
[Round "7.1"]
[White "Kulashko, Aleksei"]
[Black "Solomon, Kenny"]
[Result "0-1"]
[WhiteElo "2348"]
[BlackElo "2371"]
[PlyCount "102"]
[EventDate "2016.09.02"]
[EventType "team-swiss"]
[EventRounds "11"]
[EventCountry "AZE"]
[SourceTitle "CBM 175"]
[Source "ChessBase"]
[SourceDate "2016.11.10"]
[SourceVersion "1"]
[SourceVersionDate "2016.11.10"]
[SourceQuality "1"]
[WhiteTeam "New Zealand"]
[BlackTeam "South Africa"]
[WhiteTeamCountry "NZL"]
[BlackTeamCountry "RSA"]

1. e4 g6 2. d4 Bg7 3. Nc3 d6 4. Nf3 a6 5. Be3 b5 6. a4 b4 7. Nd5 a5 8. Bc4 e6 9. Nf4 Ne7 10. 0-0 0-0 11. Bb3 c6 12. Nd3 Ba6 13. Qd2 Nd7 14. Ng5 d5 15. Nf4 Bxf1 16. Rxf1 Nf6 17. f3 Qc8 18. e5 Nd7 19. g4 c5 20. c3 bxc3 21. bxc3 Rb8 22. Bc2 cxd4 23. cxd4 Rb2 24. Rc1 Qc4 25. Bd3 Qa2 26. Qxa5 h6 27. Ngh3 Qb3 28. Qb5 Nb8 29. Qxb3 Rxb3 30. Nf2 Nbc6 31. Kg2 Ra8 32. Ra1 Nb4 33. Bd2 Nxd3 34. N4xd3 Nc6 35. Be3 Bf8 36. Kf1 Na5 37. Ke2 Nc4 38. Bc1 g5 39. f4 gxf4 40. Bxf4 Kh7 41. h4 Ra3 42. Rg1 R3xa4 43. h5 Ra2+ 44. Kf3 R8a3 45. Rg3 Be7 46. Bc1 Rc3 47. Rh3 Rac2 48. Bf4 Nb2 49. g5 Nxd3 50. g6+ Kg8 51. gxf7+ Kxf7 0-1

[Event "Auckland CC-chA"]
[Site "Auckland"]
[Date "2016.08.15"]
[Round "8"]
[White "Kulashko, Aleksei"]
[Black "Hague, Ben"]
[Result "1/2-1/2"]
[WhiteElo "2350"]
[BlackElo "2296"]
[PlyCount "64"]
[EventDate "2016.06.27"]
[EventType "tourn"]
[EventRounds "9"]
[EventCountry "NZL"]
[SourceTitle "EXT 2018"]
[Source "ChessBase"]
[SourceDate "2017.10.13"]
[SourceVersion "1"]
[SourceVersionDate "2017.10.13"]
[SourceQuality "1"]

1. e4 c5 2. Nf3 Nc6 3. Bb5 d6 4. Bxc6+ bxc6 5. 0-0 e5 6. c3 f5 7. d4 fxe4 8. Ng5 Bf5 9. f3 e3 10. Bxe3 Be7 11. Ne4 cxd4 12. cxd4 exd4 13. Bxd4 Nf6 14. Nxf6+ Bxf6 15. Re1+ Kf7 16. Nc3 d5 17. Na4 Re8 18. Qd2 Bxd4+ 19. Qxd4 Qa5 20. Kf2 Rab8 21. Rxe8 Rxe8 22. Rc1 Kg8 23. b3 Bg6 24. Rc3 Qc7 25. Qxd5+ Bf7 26. Qg5 h6 27. Qd2 Qxh2 28. Re3 Qh4+ 29. Kg1 Rd8 30. Rd3 Re8 31. Re3 Rd8 32. Rd3 Re8 1/2-1/2

[Event "Auckland CC-chA"]
[Site "Auckland"]
[Date "2016.07.04"]
[Round "2"]
[White "Kulashko, Aleksei"]
[Black "Morrell, Gordon"]
[Result "1-0"]
[WhiteElo "2350"]
[BlackElo "2077"]
[PlyCount "71"]
[EventDate "2016.06.27"]
[EventType "tourn"]
[EventRounds "9"]
[EventCountry "NZL"]
[SourceTitle "EXT 2018"]
[Source "ChessBase"]
[SourceDate "2017.10.13"]
[SourceVersion "1"]
[SourceVersionDate "2017.10.13"]
[SourceQuality "1"]

1. Nf3 d5 2. g3 g6 3. Bg2 Bg7 4. c4 c6 5. cxd5 cxd5 6. 0-0 e5 7. d3 Ne7 8. Qa4+ Nbc6 9. Qh4 h6 10. e4 d4 11. Na3 Be6 12. Bh3 Qd7 13. Bxe6 Qxe6 14. Kg2 g5 15. Qh5 0-0-0 16. Nd2 Rdg8 17. Qd1 Ng6 18. b4 Bf8 19. b5 Nb4 20. Nac4 Nxd3 21. Qc2 Nb4 22. Qb3 Qg4 23. a3 Nd3 24. Nf3 Ngf4+ 25. Bxf4 Nxf4+ 26. Kh1 Ng6 27. Ncxe5 Nxe5 28. Rac1+ Kb8 29. Nxe5 Qxe4+ 30. Kg1 Bg7 31. Nc6+ bxc6 32. bxc6+ Kc7 33. Qb7+ Kd6 34. Qd7+ Ke5 35. Rfe1 Bf8 36. Qe8+ 1-0

[Event "Henderson Trusts op 39th"]
[Site "Henderson"]
[Date "2016.06.05"]
[Round "4"]
[White "Hague, Ben"]
[Black "Kulashko, Aleksei"]
[Result "1-0"]
[WhiteElo "2296"]
[BlackElo "2350"]
[PlyCount "109"]
[EventDate "2016.06.04"]
[EventType "swiss"]
[EventRounds "6"]
[EventCountry "NZL"]
[SourceTitle "EXT 2018"]
[Source "ChessBase"]
[SourceDate "2017.10.13"]
[SourceVersion "1"]
[SourceVersionDate "2017.10.13"]
[SourceQuality "1"]

1. e4 d5 2. exd5 Qxd5 3. Nf3 Bg4 4. Be2 Nc6 5. d4 0-0-0 6. Be3 e5 7. c4 Qa5+ 8. Bd2 Bb4 9. d5 Bxf3 10. Bxf3 Nd4 11. Nc3 Qa6 12. b3 Qa5 13. Rc1 Nf6 14. 0-0 Kb8 15. Re1 Rhe8 16. Be4 h6 17. Bb1 g5 18. Re3 c6 19. Rh3 cxd5 20. Rxh6 Ng8 21. Rh7 dxc4 22. Rxf7 Bxc3 23. Bxc3 Qd5 24. Rg7 cxb3 25. axb3 Nxb3 26. Qxd5 Rxd5 27. Re1 Rc5 28. Bb2 Nd2 29. Bg6 Rec8 30. Bf5 Re8 31. Bd7 Rd8 32. Bxe5+ Ka8 33. Bd6 Rd5 34. Bc7 Nf6 35. Bxd8 Nxd7 36. Bxg5 a5 37. Re8+ Ka7 38. Rd8 Rb5 39. h4 Rb1+ 40. Kh2 Nf1+ 41. Kh3 Nc5 42. Rd5 Kb6 43. Rg6+ Kb5 44. Be7 b6 45. Bxc5 bxc5 46. Rgg5 Rc1 47. h5 a4 48. h6 Nd2 49. Rxd2 Rh1+ 50. Kg3 Rxh6 51. Rb2+ Kc4 52. Rc2+ Kb3 53. Rgxc5 a3 54. f4 a2 55. Rxa2 1-0

[Event "Henderson Trusts op 39th"]
[Site "Henderson"]
[Date "2016.06.04"]
[Round "1"]
[White "Kulashko, Aleksei"]
[Black "Goodhue, Nathan"]
[Result "1-0"]
[WhiteElo "2350"]
[BlackElo "1976"]
[PlyCount "105"]
[EventDate "2016.06.04"]
[EventType "swiss"]
[EventRounds "6"]
[EventCountry "NZL"]
[SourceTitle "EXT 2018"]
[Source "ChessBase"]
[SourceDate "2017.10.13"]
[SourceVersion "1"]
[SourceVersionDate "2017.10.13"]
[SourceQuality "1"]

1. e4 d5 2. exd5 Qxd5 3. Nf3 Bg4 4. Be2 c6 5. d4 e6 6. c4 Qd8 7. 0-0 Nf6 8. Nc3 Be7 9. h3 Bh5 10. Be3 0-0 11. Ne5 Bxe2 12. Qxe2 Nbd7 13. Rad1 Qc8 14. Bg5 Bd8 15. Rd3 Bc7 16. Rfd1 Re8 17. Rg3 c5 18. Bxf6 Nxf6 19. dxc5 Rd8 20. Rxd8+ Qxd8 21. Rd3 Qe7 22. b4 a5 23. a3 axb4 24. axb4 Ra1+ 25. Rd1 Rxd1+ 26. Nxd1 Qd8 27. Qd3 Qa8 28. Nd7 Qa4 29. Nxf6+ gxf6 30. Qb1 Be5 31. g3 Qa3 32. Kg2 Bc3 33. b5 Be5 34. c6 bxc6 35. b6 c5 36. Qb5 Qb4 37. Ne3 Kf8 38. Qc6 f5 39. Qc8+ Ke7 40. Qb7+ Kf6 41. g4 f4 42. g5+ Kxg5 43. Ng4 Qc3 44. Qxf7 f3+ 45. Qxf3 Qxf3+ 46. Kxf3 Bd6 47. Ke4 Kh4 48. Nf6 h6 49. b7 Kxh3 50. Kf3 Kh4 51. Ne4 Bb8 52. Nxc5 Ba7 53. Nxe6 1-0

[Event "NZL-ch blitz 123rd"]
[Site "Auckland"]
[Date "2016.01.12"]
[Round "8"]
[White "Kulashko, Aleksei"]
[Black "Ma, Qun"]
[Result "0-1"]
[WhiteElo "2341"]
[BlackElo "2606"]
[PlyCount "70"]
[EventDate "2016.01.12"]
[EventType "swiss (blitz)"]
[EventRounds "9"]
[EventCountry "NZL"]
[SourceTitle "CBM 170 Extra"]
[Source "ChessBase"]
[SourceDate "2016.02.25"]
[SourceVersion "1"]
[SourceVersionDate "2016.02.25"]
[SourceQuality "1"]

1. Nf3 d5 2. g3 c6 3. Bg2 Bg4 4. c4 e6 5. Qb3 Qb6 6. Qxb6 axb6 7. cxd5 exd5 8. d3 Nf6 9. 0-0 Nbd7 10. Nc3 b5 11. Bf4 b4 12. Nd1 h6 13. h3 Bh5 14. g4 Bg6 15. Ne3 Bc5 16. Nh4 Bh7 17. Bg3 0-0 18. Nhf5 Rfe8 19. Rfc1 Bxf5 20. Nxf5 Rxe2 21. d4 Bb6 22. a3 Rxb2 23. axb4 Rxa1 24. Rxa1 Rxb4 25. Ra8+ Kh7 26. Be5 Nxe5 27. dxe5 Ne4 28. Bxe4 Rxe4 29. Nd6 Rxe5 30. Nxf7 Re2 31. Nd6 Rxf2 32. Kh1 d4 33. Ra3 Bc5 34. Ne4 Bxa3 35. Nxf2 b5 0-1

[Event "NZL-ch op 123rd"]
[Site "Auckland"]
[Date "2016.01.09"]
[Round "8"]
[White "Kulashko, Aleksei"]
[Black "Steadman, Michael VR"]
[Result "1-0"]
[WhiteElo "2341"]
[BlackElo "2252"]
[PlyCount "83"]
[EventDate "2016.01.02"]
[EventType "swiss"]
[EventRounds "9"]
[EventCountry "NZL"]
[SourceTitle "CBM 170 Extra"]
[Source "ChessBase"]
[SourceDate "2016.02.25"]
[SourceVersion "1"]
[SourceVersionDate "2016.02.25"]
[SourceQuality "1"]

1. Nf3 e6 2. g3 b6 3. Bg2 Bb7 4. 0-0 f5 5. d3 Nf6 6. Nbd2 Be7 7. b3 0-0 8. Bb2 c5 9. a4 Qc7 10. Re1 Nc6 11. e4 f4 12. Nc4 d5 13. Nce5 fxg3 14. hxg3 dxe4 15. dxe4 Rad8 16. Qe2 Nd4 17. Qc4 Bd6 18. Nxd4 cxd4 19. Qxc7 Bxc7 20. Nd3 e5 21. f3 Bd6 22. Bh3 Bc8 23. Bxc8 Rxc8 24. Re2 Nd7 25. Kg2 Rc7 26. Rf1 g5 27. Bc1 h6 28. f4 exf4 29. gxf4 gxf4 30. e5 Be7 31. Rxf4 Rfc8 32. Rg4+ Kh7 33. Rxd4 Nf8 34. c4 Ne6 35. Rd5 Bg5 36. Bxg5 hxg5 37. Rf2 Re7 38. Kg3 Nc5 39. Nxc5 bxc5 40. Kg4 Rce8 41. Rf5 Rb8 42. Rd3 1-0

[Event "NZL-ch op 123rd"]
[Site "Auckland"]
[Date "2016.01.04"]
[Round "3"]
[White "Fier, Alexandr"]
[Black "Kulashko, Aleksei"]
[Result "1-0"]
[WhiteElo "2607"]
[BlackElo "2341"]
[PlyCount "69"]
[EventDate "2016.01.02"]
[EventType "swiss"]
[EventRounds "9"]
[EventCountry "NZL"]
[SourceTitle "CBM 170 Extra"]
[Source "ChessBase"]
[SourceDate "2016.02.25"]
[SourceVersion "1"]
[SourceVersionDate "2016.02.25"]
[SourceQuality "1"]

1. e4 c5 2. Nf3 g6 3. d4 cxd4 4. Nxd4 Nc6 5. Nc3 Bg7 6. Be3 Nf6 7. Bc4 0-0 8. Bb3 d5 9. exd5 Na5 10. Qf3 Bg4 11. Qg3 Bh5 12. d6 exd6 13. 0-0 Nxb3 14. Nxb3 Re8 15. Bd4 Qd7 16. f3 h6 17. Rad1 g5 18. Bxf6 Bxf6 19. Ne4 Rxe4 20. fxe4 Bxd1 21. Rxf6 Qe7 22. Rxh6 Qe5 23. Qd3 Bg4 24. Rxd6 Qxb2 25. Rd5 f6 26. e5 Kg7 27. c3 Rf8 28. h3 fxe5 29. Qe3 Bf5 30. Qxg5+ Kh8 31. Qh5+ Kg8 32. Rxe5 Bh7 33. Qg4+ Kf7 34. Qe6+ Kg7 35. Rg5+ 1-0